000 01526nam0a2200361 4500
001 RU\NLR\bibl\1374044
005 20250615191423.0
010 _a978-5-7890-0479-1
_9500
021 _aRU
_b2009-24863
_91471
035 _a(nilc)RSL-KNO-004273015
035 _a(NLR Aleph) 001366162
090 _a1012271
_c1012271
100 _a20090331d2008 |||y0rusy50 ca
101 0 _arus
102 _aRU
105 _ay zzzz|||||
200 1 _aГидромеханические системы. Моделирование и расчёт
_eмонография
_fА. Т. Рыбак
_gФедеральное агентство по образованию, Гос. образовательное учреждение высш. проф. образования Донской гос. технический ун-т
205 _a2-е изд., доп.
210 _aРостов-на-Дону
_cДГТУ
_d2008
215 _a144 с.
_cил.
_d21
313 _aПо пред.изд.
320 _aБиблиогр.: с. 136-141
606 1 _aГидравлические приводы
_xПроектирование
_91398181
_3RU\NLR\auth\66275538
610 0 _aгидромеханические системы машин
686 _aК447.3-01с116,0
_2rubbk
686 _aК447.3-02
700 1 _aРыбак
_bА. Т.
_gАлександр Тимофеевич
_4070
801 0 _aRU
_bРКП
_c20090331
_grcr
801 1 _aRU
_bРГБ
_c20090331
801 2 _aRU
_bNLR
_c20090528
_grcr
942 _cBOOK
980 _aNB